1050 1068 1654 1763 1117 1123 1049 1706 1015 1405 1882 1558 1541 1764 1822 1723 1329 1569 1426 1512 1295 1032 1115 1827 1333 1116 1538 1086 1488 1639 1030 1182 1152 1342 1083 1122 1489 1723 1892 1735 1782 1440 1524 1398 1376 1322 1398 1766 1256 1128 1963 1719 1405 1055 1992 1521 1640 1091 1487 1177 1526 1269 1004 1473 1142 1601 1852 1556 1761 1553 1401 1524 1035 1205 1104 1386 1884 1554 1690 1149 1629 1938 1068 1738 1105 1580 1365 1548 1719 1924 1136 1455 1965 1908 1035 1487 1807 1145 1920 BCNSPRNW ULIB Ver.6.0+V

เปลี่ยนเป็นภาษาไทย

Change to English
 แสดงรายละเอียดบรรณานุกรม
  กลับหน้าหลัก

Brief Record : Get Marc (ISO 2709) : E-mail record : QR code < ปิดหน้าต่าง
LEADER : 00000nam 2200000uu 4500
001    13399123790
003     ULIB
008    141128s2547||||th 000 0 tha d
020    9749217597
024    9789749217597
099    นว.^bน472พ
100 0  นายา
245 00 พุดสามสี^cนายา
250    พิมพ์ครั้งที่ 2
260    กรุงเทพฯ :^bอักษรโสภณ,^c2547.
300    651 หน้า
945    ^p320^l0^i036888
999    ^aเกษร โพธิ์สุวรรณ
รายการนี้ยังไม่มีแท็ก
คุณยังไม่ได้ล็อกอิน คุณสามารถมีกิจกรรมร่วมกับเว็บไซต์ได้ แต่ต้องล็อกอินก่อน ::
  ล็อกอิน

รายการสื่อสารสนเทศ

ลำดับที่ ประเภท เลขเรียก/บาร์โค้ด สถานที่ สถานะ
1. นวนิยาย
นวนิยาย
นว. น472พ ฉ.1 
  Barcode: 036888
ห้องสมุดวิทยาเขตนครสวรรค์
►นวนิยาย:l:Fiction
ถูกยืม กำหนดส่งวันที่ 26 ธันวาคม 2559
  จอง
Note:อภินันทนาการโดย อาจารย์จุฑารัตน์ สว่างชัย

รายการใกล้เคียง
    ผู้แต่ง [นายา]

BibComment


ยังไม่เคยถูกคอมเมนท์

คอมเมนท์ทรัพยากรรายการนี้
  คอมเมนท์: พุดสามสี นายา


 Copyright 2026. Bcnsprnw @Library